University Home | Library Home | Institutional Repository

Organization theory and design / (Record no. 216352)

MARC details
000 -LEADER
fixed length control field 00739 a2200241 4500
005 - DATE AND TIME OF LATEST TRANSACTION
control field 20260320093021.0
008 - FIXED-LENGTH DATA ELEMENTS--GENERAL INFORMATION
fixed length control field 260310b ||||| |||| 00| 0 eng d
020 ## - INTERNATIONAL STANDARD BOOK NUMBER
International Standard Book Number 9780324156911
040 ## - CATALOGING SOURCE
Original cataloging agency LC
Transcribing agency UNZA
Description conventions RDA
050 ## - LIBRARY OF CONGRESS CALL NUMBER
Classification number HD 58.8
Item number DAF 2004
100 ## - MAIN ENTRY--PERSONAL NAME
Personal name Daft, Richard. L
Relator term author
245 ## - TITLE STATEMENT
Title Organization theory and design /
Statement of responsibility, etc. Richard L. Daft, Vanderbilt University.
250 ## - EDITION STATEMENT
Edition statement Eighth edition
260 ## - PUBLICATION, DISTRIBUTION, ETC.
Place of publication, distribution, etc. Mason :
Name of publisher, distributor, etc. Thomson, South Western,
Date of publication, distribution, etc. 2004.
300 ## - PHYSICAL DESCRIPTION
Extent xvi, 624 pages :
Other physical details illustrations.
336 ## - CONTENT TYPE
CONTENT TYPE Text
337 ## - MEDIA TYPE
MEDIA TYPE Unmediated
338 ## - CARRIER TYPE
CARRIER TYPE Volume
504 ## - BIBLIOGRAPHY, ETC. NOTE
Bibliography, etc. note Includes bibliographical references and index.
650 ## - SUBJECT ADDED ENTRY--TOPICAL TERM
Topical term or geographic name entry element Organization
650 ## - SUBJECT ADDED ENTRY--TOPICAL TERM
Topical term or geographic name entry element Organizational sociology
General subdivision Case studies
999 ## -
-- 216352
-- 216352
942 ## - ADDED ENTRY ELEMENTS (KOHA)
Koha item type Book
Holdings
Withdrawn status Lost status Source of classification or shelving scheme Damaged status Not for loan Collection code Home library Current library Shelving location Date acquired Source of acquisition Cost, normal purchase price Total Checkouts Full call number Barcode Date last seen Copy number Cost, replacement price Price effective from Koha item type
    Library of Congress Classification     Non-fiction Main Library Main Library On Shelf 02/26/2026 Donation 300.00   HD 58.8 DAF 2004 32379006808583 02/26/2026 1 300.00 02/26/2026 Book
    Library of Congress Classification     Non-fiction Main Library Main Library On Shelf 02/26/2026 Donation 300.00   HD 58.8 DAF 2004 32379006808526 02/26/2026 2 300.00 02/26/2026 Book
    Library of Congress Classification     Non-fiction Main Library Main Library On Shelf 02/26/2026 Donation 300.00   HD 58.8 DAF 2004 32379006808468 02/26/2026 3 300.00 02/26/2026 Book
    Library of Congress Classification     Non-fiction Main Library Main Library On Shelf 02/26/2026 Donation 300.00   HD 58.8 DAF 2004 32379006808641 02/26/2026 4 300.00 02/26/2026 Book
    Library of Congress Classification     Non-fiction Main Library Main Library On Shelf 02/26/2026 Donation 300.00   HD 58.8 DAF 2004 32379006808401 02/26/2026 5 300.00 02/26/2026 Book
© 2026 - The University of Zambia Library - Koha v25.11